Narrative architecture : (Record no. 190288)
[ view plain ]
| 000 -LEADER | |
|---|---|
| fixed length control field | 01346cam a2200361 i 4500 |
| 001 - CONTROL NUMBER | |
| control field | 020142779 |
| 003 - CONTROL NUMBER IDENTIFIER | |
| control field | Uk |
| 005 - DATE AND TIME OF LATEST TRANSACTION | |
| control field | 20251203130622.0 |
| 008 - FIXED-LENGTH DATA ELEMENTS--GENERAL INFORMATION | |
| fixed length control field | 190719s2019 ne a b |0|0 0|eng d |
| 020 ## - INTERNATIONAL STANDARD BOOK NUMBER | |
| International Standard Book Number | 9789462085244 |
| Qualifying information | paperback |
| 040 ## - CATALOGING SOURCE | |
| Original cataloging agency | ERASA |
| Language of cataloging | eng |
| Transcribing agency | ERASA |
| Modifying agency | JPG |
| -- | OCLCF |
| -- | YDXIT |
| -- | PAU |
| -- | UAB |
| -- | YDX |
| -- | OCL |
| -- | OCLCO |
| -- | Uk |
| Description conventions | rda |
| Modifying agency | MY-SjTCS |
| 082 04 - DEWEY DECIMAL CLASSIFICATION NUMBER | |
| Classification number | 724.6 |
| Item number | GAR 2019 |
| 100 1# - MAIN ENTRY--PERSONAL NAME | |
| Personal name | Garcia, Cruz, |
| Dates associated with a name | 1983- |
| Relator term | author. |
| 9 (RLIN) | 308779 |
| 245 10 - TITLE STATEMENT | |
| Title | Narrative architecture : |
| Remainder of title | a kynical manifesto / |
| Statement of responsibility, etc. | Cruz Garcia & Nathalie Frankowski. |
| 246 13 - VARYING FORM OF TITLE | |
| Title proper/short title | Kynical manifesto |
| 264 #1 - PRODUCTION, PUBLICATION, DISTRIBUTION, MANUFACTURE, AND COPYRIGHT NOTICE | |
| Place of production, publication, distribution, manufacture | Rotterdam : |
| Name of producer, publisher, distributor, manufacturer | nai010 publishers, |
| Date of production, publication, distribution, manufacture, or copyright notice | [2019] |
| 264 #4 - PRODUCTION, PUBLICATION, DISTRIBUTION, MANUFACTURE, AND COPYRIGHT NOTICE | |
| Date of production, publication, distribution, manufacture, or copyright notice | ©2019 |
| 300 ## - PHYSICAL DESCRIPTION | |
| Extent | 131 pages : |
| Other physical details | illustrations (black and white, and colour) ; |
| Dimensions | 30 cm |
| 336 ## - CONTENT TYPE | |
| Content type term | text |
| Source | rdacontent |
| 336 ## - CONTENT TYPE | |
| Content type term | still image |
| Source | rdacontent |
| 337 ## - MEDIA TYPE | |
| Media type term | unmediated |
| Source | rdamedia |
| 338 ## - CARRIER TYPE | |
| Carrier type term | volume |
| Source | rdacarrier |
| 500 ## - GENERAL NOTE | |
| General note | "WAI Architecture Think Tank." |
| 504 ## - BIBLIOGRAPHY, ETC. NOTE | |
| Bibliography, etc. note | Includes bibliographical references. |
| 650 #0 - SUBJECT ADDED ENTRY--TOPICAL TERM | |
| Topical term or geographic name entry element | Architecture, Modern |
| Chronological subdivision | 20th century |
| 9 (RLIN) | 10674 |
| 650 #0 - SUBJECT ADDED ENTRY--TOPICAL TERM | |
| Topical term or geographic name entry element | Modern movement (Architecture) |
| 9 (RLIN) | 15714 |
| 650 #0 - SUBJECT ADDED ENTRY--TOPICAL TERM | |
| Topical term or geographic name entry element | Visionary architecture |
| 9 (RLIN) | 14870 |
| 650 #0 - SUBJECT ADDED ENTRY--TOPICAL TERM | |
| Topical term or geographic name entry element | Architecture |
| General subdivision | Political aspects |
| 9 (RLIN) | 308778 |
| 650 #0 - SUBJECT ADDED ENTRY--TOPICAL TERM | |
| Topical term or geographic name entry element | Critical theory |
| 9 (RLIN) | 979 |
| 700 1# - ADDED ENTRY--PERSONAL NAME | |
| Personal name | Frankowski, Nathalie, |
| Relator term | author. |
| 9 (RLIN) | 308780 |
| 710 2# - ADDED ENTRY--CORPORATE NAME | |
| Corporate name or jurisdiction name as entry element | WAI Architecture Think Tank, |
| Relator term | issuing body. |
| 9 (RLIN) | 308781 |
| 920 ## - Programme | |
| Programme | SABD : 338729 |
| Withdrawn status | Lost status | Source of classification or shelving scheme | Damaged status | Not for loan | Home library | Current library | Date acquired | Source of acquisition | Cost, normal purchase price | Inventory number | Total Checkouts | Barcode | Date last seen | Uniform Resource Identifier | Cost, replacement price | Price effective from | Koha item type | Public note |
|---|---|---|---|---|---|---|---|---|---|---|---|---|---|---|---|---|---|---|
| Dewey Decimal Classification | Taylor's Library-TU | Taylor's Library-TU | 30/09/2025 | 42 | 775.60 | TU700001789 | 5000176634 | 30/09/2025 | Floor 2, Shelf 2 , Side 1, TierNo 3, BayNo 5 | 775.60 | 30/09/2025 | Main Collection | SABDx,92621,03,RA |